[Event "San Sebastian Reyes op"]
[Site "San Sebastian de los Reyes"]
[Date "2020.12.08"]
[Round "4"]
[White "Mehalingam, Karunanithi"]
[Black "Diaz Guzman, David"]
[Result "1-0"]
[WhiteElo "1546"]
[BlackElo "1196"]
[PlyCount "54"]
[EventDate "2020.12.05"]
[EventType "swiss"]
[EventRounds "9"]
[EventCountry "ESP"]
[SourceTitle "EXT 2022"]
[Source "ChessBase"]
[SourceDate "2021.10.06"]
[SourceVersion "1"]
[SourceVersionDate "2021.10.06"]
[SourceQuality "1"]

1. e4 e5 2. Nf3 Nc6 3. d4 exd4 4. Nxd4 Nf6 5. Nc3 Bb4 6. Nxc6 bxc6 7. e5 Ne4 8. Qf3 Nxc3 9. bxc3 Ba5 10. Ba3 d6 11. exd6 cxd6 12. Qxc6+ Bd7 13. Qe4+ Be6 14. Bb5+ Ke7 15. Bb4 Rb8 16. a4 a6 17. Bxa6 Bxb4 18. cxb4 Qb6 19. Bb5 d5 20. Qe2 Qd6 21. Rb1 f6 22. 0-0 Kf7 23. Rfd1 Bd7 24. c4 Rhe8 25. Qh5+ Kf8 26. Rxd5 Qxb4 27. Rdd1 Rxb5 1-0

[Event "San Sebastian Reyes op"]
[Site "San Sebastian de los Reyes"]
[Date "2020.12.06"]
[Round "2"]
[White "Mehalingam, Karunanithi"]
[Black "Sanchez Pina, Damian"]
[Result "1-0"]
[WhiteElo "1546"]
[BlackElo "1012"]
[PlyCount "79"]
[EventDate "2020.12.05"]
[EventType "swiss"]
[EventRounds "9"]
[EventCountry "ESP"]
[SourceTitle "EXT 2022"]
[Source "ChessBase"]
[SourceDate "2021.10.06"]
[SourceVersion "1"]
[SourceVersionDate "2021.10.06"]
[SourceQuality "1"]

1. e4 e6 2. d4 d5 3. e5 c5 4. Nf3 Nc6 5. Bb5 Bd7 6. Bxc6 bxc6 7. 0-0 Rb8 8. Nbd2 Nh6 9. Nb3 cxd4 10. Nfxd4 c5 11. Nf3 c4 12. Nbd4 Qc7 13. c3 Ng4 14. Qe2 f6 15. Bf4 Qb7 16. exf6 Nxf6 17. Bxb8 Qxb8 18. Nxe6 Bxe6 19. Qxe6+ Be7 20. Rfe1 Qb7 21. Re2 Qd7 22. Rae1 Ne4 23. Qxd7+ Kxd7 24. Ne5+ Ke6 25. Nxc4 Bc5 26. Nd2 Re8 27. Kf1 Kd7 28. Nxe4 dxe4 29. Rxe4 Rf8 30. f3 g5 31. Rd1+ Kc6 32. Rc4 Rf4 33. Rxf4 gxf4 34. g3 fxg3 35. hxg3 h5 36. Kg2 a5 37. f4 Be7 38. b3 Bf6 39. c4 Kc5 40. Rd5+ 1-0

[Event "Madrid Tajamar Easter op-B"]
[Site "Madrid"]
[Date "2018.03.25"]
[Round "5"]
[White "De los Rios Camacho, Juan Antoni"]
[Black "Mehalingam, Karunanithi"]
[Result "1-0"]
[WhiteElo "1658"]
[BlackElo "1492"]
[PlyCount "63"]
[EventDate "2018.03.22"]
[EventType "swiss"]
[EventRounds "7"]
[EventCountry "ESP"]
[SourceTitle "EXT 2019"]
[Source "ChessBase"]
[SourceDate "2018.10.10"]
[SourceVersion "1"]
[SourceVersionDate "2018.10.10"]
[SourceQuality "1"]

1. e4 c5 2. Nf3 d6 3. c3 Nf6 4. Be2 Nxe4 5. Qa4+ Bd7 6. Qxe4 Bc6 7. Qc2 Nd7 8. 0-0 a6 9. d4 Rc8 10. Be3 cxd4 11. Nxd4 Bd5 12. Nd2 e5 13. Nf5 g6 14. Ng3 f5 15. Nxf5 gxf5 16. Bh5+ Ke7 17. Bg5+ Nf6 18. Qxf5 Bg7 19. Ne4 Qf8 20. Rad1 Bxe4 21. Qxe4 Ke6 22. Bxf6 Kxf6 23. Qh4+ Ke6 24. Bg4+ Kf7 25. Bxc8 Qxc8 26. Rxd6 Qf5 27. Qc4+ Kf8 28. Rd8+ Ke7 29. Qc7+ Kf6 30. Rd6+ Kg5 31. Qxg7+ Kf4 32. Qg3+ 1-0

[Event "Madrid Tajamar Easter op-B"]
[Site "Madrid"]
[Date "2018.03.24"]
[Round "3"]
[White "Campos Rodriguez, Alvaro"]
[Black "Mehalingam, Karunanithi"]
[Result "1-0"]
[WhiteElo "1686"]
[BlackElo "1492"]
[PlyCount "55"]
[EventDate "2018.03.22"]
[EventType "swiss"]
[EventRounds "7"]
[EventCountry "ESP"]
[SourceTitle "EXT 2019"]
[Source "ChessBase"]
[SourceDate "2018.10.10"]
[SourceVersion "1"]
[SourceVersionDate "2018.10.10"]
[SourceQuality "1"]

1. e4 c5 2. d4 cxd4 3. Nf3 e5 4. c3 dxc3 5. Nxc3 d6 6. Bc4 Nf6 7. 0-0 Be7 8. h3 a6 9. Bg5 Nbd7 10. Qe2 0-0 11. Rfd1 b5 12. Bb3 Bb7 13. a3 h6 14. Bxf6 Nxf6 15. Nxe5 Qc7 16. Ng6 Rfd8 17. Rac1 Bc6 18. Nd5 Rd7 19. Nxc7 Rxc7 20. Rxc6 Bd8 21. Rcxd6 Kh7 22. Nf8+ Kh8 23. Rxd8 Rxd8 24. Rxd8 Ng8 25. e5 g6 26. Nxg6+ Kg7 27. e6 fxg6 28. Qe5+ 1-0

[Event "San Sebastian de los Reyes op 19th"]
[Site "San Sebastian"]
[Date "2017.12.07"]
[Round "6"]
[White "Garcia Lopez, Fernando"]
[Black "Mehalingam, Karunanithi"]
[Result "1-0"]
[WhiteElo "1573"]
[BlackElo "1490"]
[PlyCount "67"]
[EventDate "2017.12.02"]
[EventType "swiss"]
[EventRounds "9"]
[EventCountry "ESP"]
[SourceTitle "CBM 182 Extra"]
[Source "ChessBase"]
[SourceDate "2018.02.23"]
[SourceVersion "1"]
[SourceVersionDate "2018.02.23"]
[SourceQuality "1"]

1. e4 c5 2. Nf3 d6 3. d4 cxd4 4. Nxd4 Nf6 5. Nc3 a6 6. Bg5 e5 7. Nb3 Be7 8. Bxf6 Bxf6 9. Nd5 0-0 10. Be2 Nc6 11. Bg4 Be6 12. Bxe6 fxe6 13. Ne3 Rc8 14. Qg4 Qe7 15. c3 Bg5 16. Nc4 Rf4 17. Qe2 Rxe4 18. Qxe4 d5 19. Qe2 dxc4 20. Qxc4 Qd7 21. Qe2 Qd5 22. 0-0 e4 23. Rad1 Qe5 24. Nd2 e3 25. f4 Bxf4 26. Nf3 Qc5 27. Ne1 Bc7 28. Nc2 Bb6 29. Rfe1 Ne5 30. Kh1 Qc7 31. Nxe3 Bxe3 32. Qxe3 Ng4 33. Qxe6+ Kh8 34. Qe8+ 1-0

[Event "San Sebastian de los Reyes op 19th"]
[Site "San Sebastian"]
[Date "2017.12.04"]
[Round "3"]
[White "Mehalingam, Karunanithi"]
[Black "Criado Jimenez, Jose"]
[Result "0-1"]
[WhiteElo "1490"]
[BlackElo "1615"]
[PlyCount "40"]
[EventDate "2017.12.02"]
[EventType "swiss"]
[EventRounds "9"]
[EventCountry "ESP"]
[SourceTitle "CBM 182 Extra"]
[Source "ChessBase"]
[SourceDate "2018.02.23"]
[SourceVersion "1"]
[SourceVersionDate "2018.02.23"]
[SourceQuality "1"]

1. d4 Nf6 2. c4 e6 3. Nc3 d5 4. cxd5 exd5 5. g3 c6 6. Bg2 Bf5 7. Nf3 h6 8. 0-0 Bd6 9. Re1 0-0 10. a3 Re8 11. Bd2 Nbd7 12. b4 a6 13. Qc1 Bh7 14. Bh3 Ne4 15. Nxe4 Rxe4 16. Bxh6 gxh6 17. Qxh6 Bf8 18. Qg5+ Bg7 19. Rad1 Nb6 20. Ne5 Qxg5 0-1

[Event "San Sebastian de los Reyes op 19th"]
[Site "San Sebastian"]
[Date "2017.12.02"]
[Round "1"]
[White "Bello Burguet, Glenier Lazaro"]
[Black "Mehalingam, Karunanithi"]
[Result "1-0"]
[WhiteElo "1917"]
[BlackElo "1490"]
[PlyCount "99"]
[EventDate "2017.12.02"]
[EventType "swiss"]
[EventRounds "9"]
[EventCountry "ESP"]
[SourceTitle "CBM 182 Extra"]
[Source "ChessBase"]
[SourceDate "2018.02.23"]
[SourceVersion "1"]
[SourceVersionDate "2018.02.23"]
[SourceQuality "1"]

1. Nf3 Nf6 2. g3 e6 3. Bg2 d5 4. 0-0 Be7 5. c4 c6 6. d4 b6 7. b3 Bb7 8. Bb2 Nbd7 9. Nbd2 h6 10. Ne5 Qc7 11. cxd5 exd5 12. e4 dxe4 13. Nxe4 Nxe4 14. Bxe4 0-0 15. Nxc6 Bg5 16. d5 Qd6 17. Bg2 Rfe8 18. Re1 Nf6 19. Be5 Qd7 20. h4 Ng4 21. hxg5 Bxc6 22. Bh3 h5 23. Bxg4 Qxd5 24. Qxd5 Bxd5 25. Bxh5 Rac8 26. g6 fxg6 27. Bxg6 Re6 28. Bf5 Rh6 29. Be4 Bxe4 30. Rxe4 Re6 31. Rae1 g6 32. Bf4 Rxe4 33. Rxe4 Rc6 34. Re7 a6 35. Ra7 b5 36. b4 Re6 37. Be3 Rc6 38. Bc5 g5 39. g4 Rg6 40. Kg2 Re6 41. a3 Rf6 42. Rd7 Rc6 43. Rd6 Rxd6 44. Bxd6 Kf7 45. Kf3 Ke6 46. Bc5 Kd5 47. Be7 Kc4 48. Bxg5 Kb3 49. Be7 Kxa3 50. g5 1-0

[Event "San Sebastian de los Reyes op 17th"]
[Site "San Sebastian"]
[Date "2015.12.08"]
[Round "9"]
[White "Mehalingam, Karunanithi"]
[Black "Martin Rodriguez, Jose Luis"]
[Result "1-0"]
[WhiteElo "1449"]
[BlackElo "1379"]
[PlyCount "127"]
[EventDate "2015.11.30"]
[EventType "swiss"]
[EventRounds "9"]
[EventCountry "ESP"]
[SourceTitle "CBM 170 Extra"]
[Source "ChessBase"]
[SourceDate "2016.02.25"]
[SourceVersion "1"]
[SourceVersionDate "2016.02.25"]
[SourceQuality "1"]

1. d4 Nf6 2. c4 e6 3. Qc2 d5 4. Bg5 Be7 5. f3 c6 6. Nd2 0-0 7. h4 Nbd7 8. g4 e5 9. e3 exd4 10. exd4 Re8 11. 0-0-0 Qb6 12. Nb3 dxc4 13. Bxc4 Nd5 14. Bd2 Bb4 15. Bxd5 cxd5 16. Nh3 Bxd2+ 17. Rxd2 Nf8 18. Kb1 Bd7 19. Nf4 Bc6 20. h5 Re3 21. Rh3 Rae8 22. Nd3 Qd8 23. Ne5 Qc8 24. Nc5 f6 25. Ned3 b6 26. Na4 Bd7 27. Qxc8 Bxc8 28. Rg3 Re2 29. Rg2 Rxd2 30. Rxd2 Re3 31. Nc3 Rxf3 32. Nxd5 Kf7 33. g5 Rf5 34. g6+ hxg6 35. hxg6+ Ke6 36. N5f4+ Kd6 37. Re2 Ba6 38. Kc2 Bxd3+ 39. Nxd3 Nxg6 40. Rg2 Rg5 41. Rxg5 fxg5 42. Kd2 Nf4 43. Nf2 Kd5 44. Ke3 Ne6 45. Ne4 g4 46. Nc3+ Kc4 47. d5 Nd8 48. Kf4 Nf7 49. Kxg4 b5 50. Kf5 b4 51. Na4 Kxd5 52. Kg6 Ne5+ 53. Kxg7 Nc4 54. Kf6 Nb6 55. Nxb6+ axb6 56. Kf5 Kd4 57. Kf4 Kc4 58. Ke4 b3 59. a3 b5 60. Ke3 Kc5 61. Kd3 Kd5 62. Kc3 Kc5 63. Kxb3 b4 64. a4 1-0

[Event "San Sebastian de los Reyes op 17th"]
[Site "San Sebastian"]
[Date "2015.12.04"]
[Round "5"]
[White "Mehalingam, Karunanithi"]
[Black "Reyes Penas, Sebastian"]
[Result "1-0"]
[WhiteElo "1449"]
[BlackElo "1684"]
[PlyCount "79"]
[EventDate "2015.11.30"]
[EventType "swiss"]
[EventRounds "9"]
[EventCountry "ESP"]
[SourceTitle "CBM 170 Extra"]
[Source "ChessBase"]
[SourceDate "2016.02.25"]
[SourceVersion "1"]
[SourceVersionDate "2016.02.25"]
[SourceQuality "1"]

1. d4 d5 2. c4 e6 3. Nf3 f5 4. Bf4 c6 5. e3 Nf6 6. Bd3 Be7 7. Qc2 Ne4 8. Ne5 0-0 9. f3 Nf6 10. Nd2 Nbd7 11. 0-0-0 Nxe5 12. Bxe5 Bd6 13. Rdg1 Qc7 14. Bxf6 Rxf6 15. f4 a6 16. g4 b5 17. c5 Be7 18. g5 Rf8 19. h4 a5 20. a3 Bd7 21. h5 Rfb8 22. b3 Bc8 23. Nf3 Ba6 24. Ne5 b4 25. a4 Bxd3 26. Qxd3 Qb7 27. g6 h6 28. Nf7 Qa6 29. Qc2 Ra7 30. Rh2 Rd7 31. Ng5 hxg5 32. fxg5 Rdd8 33. h6 Qb7 34. hxg7 Kxg7 35. Rh7+ Kf8 36. Qh2 Ke8 37. Qe5 Qc8 38. Rxe7+ Kxe7 39. Qg7+ Ke8 40. Qf7# 1-0

[Event "San Sebastian de los Reyes op 16th"]
[Site "San Sebastian"]
[Date "2014.12.02"]
[Round "3"]
[White "Mehalingam, Karunanithi"]
[Black "Karunanithi, Bharath"]
[Result "0-1"]
[WhiteElo "1443"]
[BlackElo "1182"]
[PlyCount "70"]
[EventDate "2014.11.30"]
[EventType "swiss"]
[EventRounds "9"]
[EventCountry "ESP"]
[SourceTitle "CBM 163 Extra"]
[Source "ChessBase"]
[SourceDate "2014.12.23"]
[SourceVersion "1"]
[SourceVersionDate "2014.12.23"]
[SourceQuality "1"]

1. e4 e5 2. Nf3 Nc6 3. d4 exd4 4. Nxd4 Bc5 5. Be3 Qf6 6. c3 Nge7 7. Be2 d5 8. a4 0-0 9. Qd3 Ne5 10. Qc2 Bd7 11. 0-0 Qg6 12. f4 Bh3 13. Rf2 Ng4 14. Bxg4 Qxg4 15. Nd2 f5 16. e5 Nc6 17. N2f3 h6 18. b4 Bxd4 19. Nxd4 Qg6 20. Rf3 Bg4 21. Rg3 h5 22. h4 Qf7 23. Bf2 Rae8 24. Re1 Qe7 25. Rge3 Nxd4 26. cxd4 Qxb4 27. Qxc7 Qxa4 28. e6 Qxd4 29. e7 Rf7 30. Qd7 Rexe7 31. Rxe7 Rxe7 32. Rxe7 Qa1+ 33. Kh2 Qb2 34. Rxg7+ Qxg7 35. Bd4 Qxd7 0-1